[Event "FRA-ch Blitz Online Qual"]
[Site "Europe Echecs INT"]
[Date "2020.05.16"]
[Round "12"]
[White "Buttard, Axel"]
[Black "Delabre, Gaspard"]
[Result "0-1"]
[WhiteElo "1883"]
[BlackElo "1449"]
[PlyCount "54"]
[EventDate "2020.05.16"]
[EventType "swiss (blitz)"]
[EventRounds "15"]
[EventCountry "FRA"]
[SourceTitle "CBM 196 Extra"]
[Source "ChessBase"]
[SourceDate "2020.07.31"]
[SourceVersion "1"]
[SourceVersionDate "2020.07.31"]
[SourceQuality "1"]

1. d4 d6 2. Bf4 Nf6 3. Nc3 c6 4. e4 Nbd7 5. Qd2 e5 6. Be3 Be7 7. h4 a5 8. a4 Nb6 9. Nf3 Qc7 10. dxe5 dxe5 11. Nxe5 Qxe5 12. Bxb6 0-0 13. f3 Bb4 14. 0-0-0 c5 15. Bd8 Nd7 16. Bg5 Nb6 17. Bb5 Be6 18. Bf4 Qf6 19. e5 Qe7 20. Qe3 Nc4 21. Qe2 Bxc3 22. Bxc4 Bd4 23. c3 Bxc4 24. Qxc4 Bxe5 25. Rhe1 Bxf4+ 26. Qxf4 Qf6 27. h5 Qxf4+ 0-1

[Event "FRA-ch Blitz Online Qual"]
[Site "Europe Echecs INT"]
[Date "2020.05.16"]
[Round "2"]
[White "Buttard, Axel"]
[Black "Loiseau, Quentin"]
[Result "0-1"]
[WhiteElo "1883"]
[BlackElo "2457"]
[PlyCount "52"]
[EventDate "2020.05.16"]
[EventType "swiss (blitz)"]
[EventRounds "15"]
[EventCountry "FRA"]
[SourceTitle "CBM 196 Extra"]
[Source "ChessBase"]
[SourceDate "2020.07.31"]
[SourceVersion "1"]
[SourceVersionDate "2020.07.31"]
[SourceQuality "1"]

1. d4 d5 2. Bf4 Nf6 3. e3 c5 4. c3 Nc6 5. Nd2 Qb6 6. Qb3 c4 7. Qc2 g6 8. e4 e6 9. Be2 Bg7 10. b3 cxb3 11. axb3 dxe4 12. Nc4 Qd8 13. Nd6+ Kf8 14. Nxe4 Nd5 15. Bg3 f5 16. Nc5 f4 17. Nf3 fxg3 18. hxg3 b6 19. Nd3 Bb7 20. 0-0 Bf6 21. Rfe1 Kg7 22. Bf1 Re8 23. Nde5 Nxe5 24. Nxe5 Rc8 25. c4 Nb4 26. Qe4 Bxe4 0-1

[Event "FRA-ch Blitz Online Qual"]
[Site "Europe Echecs INT"]
[Date "2020.05.16"]
[Round "11"]
[White "Cornileau, Juliette"]
[Black "Buttard, Axel"]
[Result "1-0"]
[WhiteElo "1872"]
[BlackElo "1883"]
[PlyCount "77"]
[EventDate "2020.05.16"]
[EventType "swiss (blitz)"]
[EventRounds "15"]
[EventCountry "FRA"]
[SourceTitle "CBM 196 Extra"]
[Source "ChessBase"]
[SourceDate "2020.07.31"]
[SourceVersion "1"]
[SourceVersionDate "2020.07.31"]
[SourceQuality "1"]

1. d4 d5 2. c4 e6 3. Nc3 Nf6 4. cxd5 exd5 5. Bg5 c6 6. Qc2 Be7 7. e3 0-0 8. Bd3 h6 9. Bh4 Re8 10. Nf3 Nbd7 11. h3 Nf8 12. 0-0-0 b5 13. g4 b4 14. Na4 N6h7 15. Bxe7 Qxe7 16. Rdg1 g5 17. h4 Qf6 18. Ne5 Be6 19. hxg5 hxg5 20. Bxh7+ Kg7 21. Bf5 Rac8 22. Nc5 a5 23. f3 Rc7 24. Qh2 Ng6 25. Qh7+ Kf8 26. Nxe6+ Rxe6 27. Bxe6 Qxe6 28. Nxg6+ Qxg6 29. Qxg6 fxg6 30. Rh8+ Kg7 31. Rgh1 Kf6 32. R1h7 Rxh7 33. Rxh7 Ke6 34. Ra7 Kd6 35. Rxa5 Kc7 36. Kc2 Kd6 37. Kb3 Kc7 38. Kxb4 Kd6 39. Ra6 1-0

[Event "FRA-ch Blitz Online Qual"]
[Site "Europe Echecs INT"]
[Date "2020.05.16"]
[Round "3"]
[White "De Monts, Louis"]
[Black "Buttard, Axel"]
[Result "1-0"]
[WhiteElo "1630"]
[BlackElo "1883"]
[PlyCount "107"]
[EventDate "2020.05.16"]
[EventType "swiss (blitz)"]
[EventRounds "15"]
[EventCountry "FRA"]
[SourceTitle "CBM 196 Extra"]
[Source "ChessBase"]
[SourceDate "2020.07.31"]
[SourceVersion "1"]
[SourceVersionDate "2020.07.31"]
[SourceQuality "1"]

1. e4 e5 2. Nf3 Nc6 3. Bc4 Nf6 4. d4 exd4 5. 0-0 Nxe4 6. Re1 d5 7. Bxd5 Qxd5 8. Nc3 Qa5 9. Nxe4 Be6 10. Neg5 0-0-0 11. Nxe6 fxe6 12. Rxe6 Be7 13. Qe1 Qxe1+ 14. Rxe1 Bf6 15. Ng5 Rd7 16. Bd2 h6 17. Ne4 Bd8 18. Re2 Re8 19. Rae1 Rde7 20. Ng3 Kd7 21. Kf1 Rxe2 22. Rxe2 Rxe2 23. Kxe2 Ke6 24. Kd3 Bf6 25. a3 Kd5 26. Nh5 Ne5+ 27. Ke2 Nf7 28. Nxf6+ gxf6 29. Kd3 Ne5+ 30. Ke2 h5 31. h3 Ke4 32. Bb4 Nc4 33. b3 Ne5 34. Be7 f5 35. Bd8 c6 36. Bc7 b5 37. f3+ Kd5 38. Kf2 c5 39. Kg3 c4 40. Kh4 d3 41. cxd3 cxd3 42. Ba5 Kd4 43. Kxh5 Ke3 44. Kg5 d2 45. Bxd2+ Kxd2 46. Kxf5 Nd3 47. h4 Nf2 48. h5 Nd3 49. h6 Nc5 50. h7 Nxb3 51. h8Q Kc2 52. Qc8+ Kb2 53. Qf8 Ka2 54. g4 1-0

[Event "FRA-ch Blitz Online Qual"]
[Site "Europe Echecs INT"]
[Date "2020.05.16"]
[Round "9"]
[White "Kuhn, Mathilde"]
[Black "Buttard, Axel"]
[Result "1-0"]
[WhiteElo "1764"]
[BlackElo "1883"]
[PlyCount "122"]
[EventDate "2020.05.16"]
[EventType "swiss (blitz)"]
[EventRounds "15"]
[EventCountry "FRA"]
[SourceTitle "CBM 196 Extra"]
[Source "ChessBase"]
[SourceDate "2020.07.31"]
[SourceVersion "1"]
[SourceVersionDate "2020.07.31"]
[SourceQuality "1"]

1. e4 e5 2. Nf3 Nc6 3. d4 exd4 4. Bc4 Nf6 5. e5 d5 6. Bb5 Ne4 7. Nxd4 Bd7 8. Bxc6 bxc6 9. 0-0 Bc5 10. Be3 0-0 11. f3 Ng5 12. f4 Ne4 13. Nd2 Nxd2 14. Qxd2 Re8 15. c3 Rb8 16. Rae1 Bb6 17. Nb3 Bxe3+ 18. Qxe3 Bf5 19. h3 h5 20. Rf2 Qh4 21. Nd4 Bd7 22. f5 c5 23. Nb3 d4 24. cxd4 cxd4 25. Qxd4 Qxd4 26. Nxd4 Rb4 27. Nb3 Rb5 28. Rc2 c6 29. Rc5 Rxc5 30. Nxc5 Bxf5 31. Kf2 Be6 32. a4 Bd5 33. g3 Rb8 34. Re2 Rb4 35. Rc2 Rc4 36. Rxc4 Bxc4 37. b3 Bd5 38. Ke3 Kf8 39. b4 Ke7 40. Kd4 Bg2 41. h4 f6 42. exf6+ gxf6 43. b5 cxb5 44. axb5 Kd6 45. Ne4+ Bxe4 46. Kxe4 Ke6 47. Kf4 Kd6 48. Kf5 Ke7 49. Kg6 Ke6 50. Kxh5 Kf7 51. g4 Kg7 52. g5 fxg5 53. Kxg5 Kh7 54. Kf6 Kh6 55. Ke6 Kh5 56. Kd6 Kxh4 57. Kc6 Kg5 58. Kb7 Kf6 59. Kxa7 Ke7 60. b6 Kd8 61. b7 Kc7 1-0

[Event "FRA-ch Blitz Online Qual"]
[Site "Europe Echecs INT"]
[Date "2020.05.16"]
[Round "13"]
[White "Ninin, Gabriel"]
[Black "Buttard, Axel"]
[Result "0-1"]
[WhiteElo "1426"]
[BlackElo "1883"]
[PlyCount "124"]
[EventDate "2020.05.16"]
[EventType "swiss (blitz)"]
[EventRounds "15"]
[EventCountry "FRA"]
[SourceTitle "CBM 196 Extra"]
[Source "ChessBase"]
[SourceDate "2020.07.31"]
[SourceVersion "1"]
[SourceVersionDate "2020.07.31"]
[SourceQuality "1"]

1. e4 d5 2. exd5 Qxd5 3. Nc3 Qa5 4. d4 Nf6 5. Bd2 c6 6. Nf3 Bf5 7. Bc4 e6 8. a3 Nbd7 9. Ne4 Qd8 10. Ng3 Bg6 11. h4 h5 12. Bg5 Qc7 13. Qd2 Bd6 14. Rh3 Bxg3 15. Rxg3 Ne4 16. Bf4 Qb6 17. Qe3 Nxg3 18. Bxg3 Qxb2 19. Rd1 0-0-0 20. Ng5 Qxc2 21. Qf3 Qxc4 22. Rd3 Qxd3 23. Qxd3 Bxd3 24. Nxf7 Rdf8 25. Nd6+ Kd8 26. Nxb7+ Ke7 27. Bd6+ Kf7 28. Bf4 Nf6 29. Nd6+ Kg8 30. Bg5 Rd8 31. Nb7 Rd7 32. Nc5 Rf7 33. Nxd3 Nd5 34. Ne5 Rf8 35. Ng6 Kf7 36. Ne5+ Ke8 37. Ng6 Kd7 38. Nxh8 Rxh8 39. f3 Rb8 40. Bd2 Rb3 41. Ke2 Rxa3 42. Bc1 Ra2+ 43. Bd2 Nf4+ 44. Ke3 Nxg2+ 45. Kd3 Rxd2+ 46. Kxd2 Kd6 47. Ke2 Nf4+ 48. Ke3 e5 49. Ke4 Ng6 50. dxe5+ Nxe5 51. f4 Nc4 52. Kf5 Ke7 53. Kg6 Kf8 54. f5 Ne5+ 55. Kxh5 Kf7 56. Kg5 c5 57. h5 c4 58. f6 gxf6+ 59. Kh6 c3 60. Kh7 c2 61. Kh8 c1Q 62. h6 Qxh6# 0-1

[Event "FRA-ch Students"]
[Site "Nancy"]
[Date "2020.02.08"]
[Round "5"]
[White "Defromont, Benjamin"]
[Black "Buttard, Axel"]
[Result "0-1"]
[WhiteElo "2263"]
[BlackElo "1905"]
[PlyCount "64"]
[EventDate "2020.01.??"]
[EventType "swiss (rapid)"]
[EventRounds "9"]
[EventCountry "FRA"]
[SourceTitle "EXT 2021"]
[Source "ChessBase"]
[SourceDate "2020.10.23"]
[SourceVersion "1"]
[SourceVersionDate "2020.10.23"]
[SourceQuality "1"]

1. e4 e5 2. Nf3 Nc6 3. Bb5 Bc5 4. 0-0 Nd4 5. Nxd4 Bxd4 6. c3 Bb6 7. d4 c6 8. Ba4 d6 9. Be3 Nf6 10. Nd2 0-0 11. h3 Qe7 12. Bc2 Re8 13. f4 exd4 14. cxd4 Bf5 15. e5 Bxc2 16. Qxc2 Nd5 17. Bf2 Nxf4 18. Rae1 Qg5 19. g3 Nxh3+ 20. Kg2 Nxf2 21. Rxf2 Bxd4 22. Rf5 Qg6 23. Ref1 Bxe5 24. Qb3 Re7 25. Ne4 h6 26. Qf3 Rae8 27. Rf2 Bd4 28. Re2 d5 29. Nc3 Rxe2+ 30. Nxe2 Rxe2+ 31. Qxe2 Qxf5 32. Qe8+ Kh7 0-1